00529nam a2200169Ia 450000500170000000800410001702000150005808200130007310000190008624500430010526000380014830000130018650000400019994200060023995200990024599900150034420250612021526.0240331s9999 xx 000 0 und d a9559530119 bBANa323 aBanduthilake,M 0aSri Lanka viyawasthadayakaye kanthawoo acolombobchega enterprises c1991 a148 p ., aWomen in the Sri Lankan Legislature cL 001040708LaWERCLbWERCLcSSCd2024-03-31l0o 323.334 BANp1407r2024-03-31w2024-03-31yL c5066d5066